Impacto del Tratado de Libre Comercio entre América Central, República Dominicana y Estados Unidos en materia de servicios [videograbación]. Debate TLC: servicios /
El DVD contiene el debate que se llevó a cabo de manera conjuta en canal 13 y 15, en torno al tema de los servicos en el T.L.C. Participan por parte del COMEX, Gustavo Guillén y Nelly Vargas, en tanto los opositores son Henry Mora y Gerardo Fumero. El debate cuenta con los comentarios de Edna Camach...
Guardat en:
| Autor principal: | |
|---|---|
| Altres autors: | , , , , , |
| Format: | Text |
| Publicat: |
San José :
|
| Matèries: | |
| Etiquetes: |
Afegir etiqueta
Sense etiquetes, Sigues el primer a etiquetar aquest registre!
|
MARC
| LEADER | 00000 a a2200000 04500 | ||
|---|---|---|---|
| 001 | 32145 | ||
| 003 | |||
| 040 | |||
| 020 | |a [sin ISBN] | ||
| 022 | |a [sin ISBN] | ||
| 090 | |a 201100RECURSO ELECTRONICO | ||
| 100 | |a Vargas, Nelly (Asesora COMEX) | ||
| 245 | |a Impacto del Tratado de Libre Comercio entre América Central, República Dominicana y Estados Unidos en materia de servicios [videograbación]. Debate TLC: servicios / |c Nelly Vargas (Asesora COMEX) | ||
| 260 | |a San José : | ||
| 520 | |a El DVD contiene el debate que se llevó a cabo de manera conjuta en canal 13 y 15, en torno al tema de los servicos en el T.L.C. Participan por parte del COMEX, Gustavo Guillén y Nelly Vargas, en tanto los opositores son Henry Mora y Gerardo Fumero. El debate cuenta con los comentarios de Edna Camacho y Luis Salas. Los temas que se tratan son la regulación en materia de inversión y compras del sector público, las posibles implicaciones de la apertura en telecomunicaciones y seguros, las tarifas y acceso a los servicios y el marco de regulación que propone el T.L.C. Se incluyen comentarios de la cuidadanía | ||
| 650 | |a AMERICA CENTRAL | ||
| 650 | |a COSTA RICA | ||
| 650 | |a ESTADOS UNIDOS | ||
| 650 | |a CAFTA | ||
| 650 | |a LIBRE COMERCIO | ||
| 650 | |a TLC | ||
| 650 | |a NEGOCIACIONES COMERCIALES | ||
| 650 | |a COMERCIO EXTERIOR | ||
| 650 | |a ICE | ||
| 650 | |a INS | ||
| 650 | |a SERVICIOS PÚBLICOS | ||
| 650 | |a SERVICIOS SOCIALES | ||
| 650 | |a SEGURIDAD SOCIAL | ||
| 650 | |a SEGUROS | ||
| 650 | |a TELECOMUNICACIONES | ||
| 650 | |a PRIVATIZACION INVERSIONES EXTRANJERAS@ | ||
| 700 | |a Guillén, Gustavo (Asesor COMEX) | ||
| 700 | |a Mora, Henry (Catedrático UNA) | ||
| 700 | |a Fumero, Gerardo (Especialista telecomunicaciones) | ||
| 700 | |a Mora, Gabriel (FEUCR) Camacho, Edna (Directora CINDE) | ||
| 700 | |a Salas, Luis (Secretario General UPINS) | ||
| 700 | |a García, Antony | ||
| 999 | |c 10311 |d 10311 | ||
